| 000 | 00666nam a2200205Ia 4500 | ||
|---|---|---|---|
| 005 | 20241129110206.0 | ||
| 008 | 241129s9999||||xx |||||||||||||| ||und|| | ||
| 037 | _aTB | ||
| 040 |
_aARTS _bhin _cARTS |
||
| 041 |
_ahin _2hin |
||
| 084 |
_aO152,3M90,SK M6 _qARTS |
||
| 100 | _aगुरूदत्त, ले. | ||
| 245 | 0 |
_aसफलता के चरण _cगुरूदत्त, ले. |
|
| 260 |
_aनई दिल्ली, भारत _bहिन्दी साहित्य सदन _c2009 |
||
| 300 | _a176पृ0 | ||
| 365 |
_aINR _b100 |
||
| 650 | _aHindi Fiction | ||
| 942 |
_cTB _hO152,3M90,SK M6 |
||
| 999 |
_c1227667 _d1227667 |
||